Detalles MARC
| 000 -LEADER |
| fixed length control field |
01481nam a2200385 a 4500 |
| 008 - CAMPO DE CONTROL (LIBRO) |
| fixed length control field |
190523s2006 S d|||fr|||| 001 0 SPA d |
| 020 ## - INTERNATIONAL STANDARD BOOK NUMBER |
| ISBN |
9500204231 |
| 041 ## - CODIGO DE IDIOMA |
| Código de idioma del texto/pista de sonido o título separado |
spa |
| 092 ## - SIGNATURA TOPOGRAFICA DEWEY LOCAL |
| número de clasificación |
616.8 |
| libristica |
27 |
| sección |
FUS |
| 100 1# - ENTRADA PRINCIPAL--NOMBRE PERSONAL |
| Nombre personal |
Fustinoni, Osvaldo |
| 9 (RLIN) |
405 |
| 245 ## - TITULO PROPIAMENTE DICHO |
| Título |
Semiologia del sistema nervioso / |
| Mención de responsabilidad y remanente de la transcripción de la portada |
Osvaldo Fustinoni |
| 250 ## - MENCION DE EDICION |
| Mención de edición |
14a ed. |
| 260 ## - PIE DE IMPRENTA |
| Lugar de publicación, distribución, etc |
Buenos Aires: |
| Nombre de la editorial, distribuidor, etc |
El Ateneo; |
| Fecha de publicación |
2006. |
| 300 ## - DESCRIPCION FISICA |
| Extension |
540 p. |
| Otros detalles físicos |
26x18cm. |
| 500 ## - NOTA GENERAL |
| Nota general |
Fustinoni, O. (2006). Semiología del sistema nervioso. (14a ed.). Buenos Aires : El Ateneo. |
| 590 ## - NOTAS LOCALES (RLIN) |
| Nota local |
Donación de Javier Cuello, mayo 2019. |
| 653 ## - TÉRMINO INDIZADO - PALABRAS CLAVES |
| Palabra clave |
Nociones de anatomia, fisiologia, histologia y patologia. |
| 653 ## - TÉRMINO INDIZADO - PALABRAS CLAVES |
| Palabra clave |
Exploración |
| 653 ## - TÉRMINO INDIZADO - PALABRAS CLAVES |
| Palabra clave |
Funciones craneanas, sensoriales,oculomotoras y de equilibrio pares craneanos V,VII,XI,y XII. |
| 653 ## - TÉRMINO INDIZADO - PALABRAS CLAVES |
| Palabra clave |
Motilidad |
| 653 ## - TÉRMINO INDIZADO - PALABRAS CLAVES |
| Palabra clave |
Tono muscular |
| 653 ## - TÉRMINO INDIZADO - PALABRAS CLAVES |
| Palabra clave |
Trofismo |
| 653 ## - TÉRMINO INDIZADO - PALABRAS CLAVES |
| Palabra clave |
Taxia |
| 653 ## - TÉRMINO INDIZADO - PALABRAS CLAVES |
| Palabra clave |
Reflejos, clonus y sincinesias. |
| 653 ## - TÉRMINO INDIZADO - PALABRAS CLAVES |
| Palabra clave |
Manifestaciones motoras de hiperrexcitabilidad central y periférica |
| 653 ## - TÉRMINO INDIZADO - PALABRAS CLAVES |
| Palabra clave |
Movimientos anormales y sindromes extrapiramidales |
| 653 ## - TÉRMINO INDIZADO - PALABRAS CLAVES |
| Palabra clave |
Sensibilidad |
| 653 ## - TÉRMINO INDIZADO - PALABRAS CLAVES |
| Palabra clave |
Sueño conciencia y coma |
| 653 ## - TÉRMINO INDIZADO - PALABRAS CLAVES |
| Palabra clave |
Palabra y funciones cerebrales superiores: lenguaje, praxia, gnosia, memoria. |
| 653 ## - TÉRMINO INDIZADO - PALABRAS CLAVES |
| Palabra clave |
Sindromes vasculares |
| 653 ## - TÉRMINO INDIZADO - PALABRAS CLAVES |
| Palabra clave |
Sindromes cognitivos |
| 653 ## - TÉRMINO INDIZADO - PALABRAS CLAVES |
| Palabra clave |
Sindromes semiológicos de otras afecciones del sistema nervioso. |
| 653 ## - TÉRMINO INDIZADO - PALABRAS CLAVES |
| Palabra clave |
Semiologia psiquiátrica y comportamiento |
| 942 ## - ADDED ENTRY ELEMENTS (KOHA) |
| Source of classification or shelving scheme |
Dewey Decimal Classification |
| Item type |
Libros |